Making an entrance (Record no. 78806)

MARC details
000 -LEADER
fixed length control field 00743cab a22001935a 4500
001 - CONTROL NUMBER
control field L138163
008 - FIXED-LENGTH DATA ELEMENTS--GENERAL INFORMATION
fixed length control field 070521s2007 xxkeo f 000 0 eng d
035 ## - SYSTEM CONTROL NUMBER
System control number (Sirsi) u138163
041 0# - LANGUAGE CODE
Language code of text/sound track or separate title eng
100 1# - MAIN ENTRY--PERSONAL NAME
Personal name Kennett, Stephen
245 00 - TITLE STATEMENT
Title Making an entrance
260 ## - PUBLICATION, DISTRIBUTION, ETC.
Date of publication, distribution, etc. 2007
490 #0 - SERIES STATEMENT
Series statement Building Services Journal
Volume/sequential designation 29(5) May 2007, 33-36(4)
520 ## - SUMMARY, ETC.
Summary, etc. Reports on the building services elements of the University of Portsmouth?s new library extension. In particular, examines the ventilation strategy and other energy efficient aspects of the building. The total building cost was £7m.
590 ## - LOCAL NOTE (RLIN)
Local note KA
651 #4 - SUBJECT ADDED ENTRY--GEOGRAPHIC NAME
Geographic name UNITED KINGDOM
690 ## - LOCAL SUBJECT ADDED ENTRY--TOPICAL TERM (OCLC, RLIN)
Topical term or geographic name as entry element BUILT ENVIRONMENT-BUILDING ELEMENTS-COMPLETE BUILDING SERVICES ELEMENTS
942 ## - ADDED ENTRY ELEMENTS (KOHA)
Suppress in OPAC 0
Holdings
Withdrawn status Lost status Source of classification or shelving scheme Damaged status Not for loan Home library Current library Shelving location Date acquired Total Checkouts Full call number Barcode Date last seen Copy number Price effective from Koha item type
    Dewey Decimal Classification     London London Journal article 21/05/2007   L138163 138163-1001 06/08/2019 1 06/08/2019 Journal article